[Event "Hoogeveen Unive Crown 14th"]
[Site "Hoogeveen"]
[Date "2010.10.27"]
[Round "3"]
[White "Tiviakov, Sergei"]
[Black "Vachier Lagrave, Maxime"]
[Result "0-1"]
[WhiteElo "2637"]
[BlackElo "2721"]
[Annotator "Vachier Lagrave,M"]
[PlyCount "80"]
[EventDate "2010.10.25"]
[EventType "tourn"]
[EventRounds "6"]
[EventCountry "NED"]
[EventCategory "18"]
[SourceTitle "CBM 139"]
[Source "ChessBase"]
[SourceDate "2010.11.18"]
[SourceVersion "1"]
[SourceVersionDate "2010.11.18"]
[SourceQuality "1"]

{Before this game, I had only managed to get two draws with White against
Shirov and Giri. Somehow, since the end of the last Olympiads, my confidence
had not been high, so I was not sure what to want from this game. The huge
problem is that when you're in any way lacking in confidence and you want to
win anyway, it can very easily backfire.} 1. e4 c5 2. Nf3 d6 3. d4 cxd4 4. Nxd4
Nf6 5. Nc3 a6 6. Be3 {I think this was the only line that I had not taken time
to check, as I considered it to be unlikely. Well I had done some work on it
one month ago, but I was still not sure if I would remember everything.} Ng4 7.
Bg5 h6 8. Bh4 g5 9. Bg3 Bg7 10. Be2 $5 {The old main line. But White's problem
here is that the new main line not only doesn't seem to promise much, but
seems to be more or less a forced draw after an improvement from last year:} (
10. h3 Ne5 11. Nf5 Bxf5 12. exf5 Nbc6 13. Nd5 e6 14. fxe6 fxe6 15. Ne3 Qa5+ 16.
c3 Nf3+ 17. Qxf3 Bxc3+ 18. Kd1 Qa4+ 19. Nc2 Bxb2 20. Rc1 Rc8 $1 21. Bd3 Rf8 {
This is the improvement.} 22. Qh5+ (22. Qg4 Nd4 23. Re1 Qxa2 24. Re4 Bxc1 25.
Rxd4 Bf4 26. Bxf4 Rxf4 27. Rxf4 gxf4 28. Qg8+ Kd7 29. Qf7+ Kd8 30. Qxb7 Rc5 $1
{And it should have been a draw in my game with Romain Edouard, where I was
White. But the fact that it was a 25-minutes game helped me to win it! Still
our play until this point was close to perfect, quite an achievement with a
limited amount of time.}) 22... Kd7 23. Qxh6 Qxa2 {and the recent game (maybe
not so recent, in the new era of super-computerised chess. Still it's been
only 3 months) Cornette-Dorfman ended quickly in a forced draw. Although the
play is not forced, I still didn't manage to find a way for White to remain on
course if Black finds (or knows - it's actually sometimes possible to work at
home, and also to remember the work !) 2-3 good moves. The same goes for Black,
of course :)}) 10... h5 11. Bxg4 hxg4 12. O-O {Here I began thinking, because
I was not sure I remembered everything. And indeed I couldn't remember the
good way. So I decided to play a sub-line, which I remembered to be probably
dubious, but in which the play was quite tricky, and where going wrong for
either side means immediately the worse position.} e6 $5 (12... Nc6 13. Nf5
Bxc3 14. bxc3 Qa5 15. Qxg4 f6 {is the main line. It should be just fine for
Black, but the play can be quite tricky with the king in some danger. So I
didn't feel like facing Sergei's home cooked surprise, when I couldn't
remember the old-fashionned lines.}) 13. Nb3 $2 {Well, I didn't expect that
this sub-line would take Sergei by surprise. After all, Kasparov played it!
But I was hoping that still he wouldn't know the optimal treatment of the
position.} (13. Nde2 Be5 14. Bxe5 dxe5 15. Qxd8+ Kxd8 16. Nd1 {This I actually
didn't know during the game. But it seems that the Pg4 is in some danger, and
there's no easy way for Black not to be in big trouble. If I had known this, I
would probably have thought twice before entering this variation...}) (13. Re1
$1 {was what I think to be the best treatment of the position.} Qb6 $6 (13...
Be5 14. Bxe5 dxe5 15. Nb3 Qxd1 16. Nxd1 $16 {is more or less the same as 13.
Nde2. But in worse conditions.}) 14. Nf5 $1 exf5 15. exf5+ Kf8 16. Nd5 Qd8 17.
Nc7 $1 $18) (13. Qd2 {was played in the stem game Shirov-Kasparov. The play
continued as follows :} Nd7 14. Bxd6 Ne5 15. Ncb5 axb5 16. Nxb5 f6 17. Rfd1 Kf7
18. Qe2 $1 {and what's going on here? My guess would be that Black should be
holding, and might even objectively take over at some point, but White will
have counterchances forever.}) 13... Bxc3 $1 14. bxc3 e5 {It might just look
odd at first sight. Black is losing many tempi, giving up some good squares to
White, and has no developed pieces. In fact, I just consider this position to
be better for black, but I might be a bit over-optimistic here, so I will just
say easier! For the explanation, it's fairly simple: White's pawn structure is
terrible. His knight is not on a good square (4 moves to come to d5...) and
his bishop is buried. And in fact, Black will develop his pieces in a short
time - and it seems that the Rh8 is already feeling quite good on its starting
square. Still, one tip for the kids that might be looking at the comments. If
you don't want to get your coach totally mad, don't play like that, or he will
ask you why you are playing like a beginner :)} 15. c4 (15. Qd3 Nc6 16. Rad1
Rh6 $1 17. c4 Qe7 {and it's not clear what White can do now.}) 15... Nc6 $6 (
15... Qe7 16. c5 dxc5 17. Qd5 Nc6 18. Qxc5 Be6 19. Qb6 Bxb3 20. axb3 Rd8 {
was probably more precise.}) 16. Qd3 $6 {Another surprising move. I thought he
had to get some play in the centre by trying to break through. Now I probably
take over.} (16. c5 $1 dxc5 17. Qxd8+ (17. Nxc5 Qe7 18. Qd5 O-O 19. Rfd1 Rd8
20. Qc4 Nd4 $17 {It's clear that it's White who is struggling - as always
because of the "BP"g3 (big pawn - as it is about as powerful as a pawn here)})
17... Kxd8 18. Nxc5 Ke7 19. Rab1 {gives White hopes to equalise. It's not
clear that it's enough, but at least Black's play needs to be extremely
precise, while White's play is not that difficult in order to get a draw.})
16... Qe7 17. Rfd1 Be6 $1 (17... Rh6 $5 {is also good, but here I can just
give up the pawn and White remains with all the problems!}) 18. Qxd6 Rd8 19.
Qc5 (19. Qxe7+ $1 {was probably the only way to reduce pressure. But I guess
that it's not so easy to exchange queens when it looks like the only chance of
counterplay. In fact, Black's king is probably safer than White's, at least in
the long run...} Kxe7 20. Nc5 $1 (20. c5 f6 21. f3 gxf3 22. gxf3 a5 $1 $17)
20... Bxc4 21. Nxb7 Rxd1+ 22. Rxd1 f6 $1 23. Nd6 (23. f3 gxf3 24. Bf2 Be2 $15)
23... Be6 24. c3 $1 Rd8 25. Nf5+ Bxf5 26. Rxd8 Kxd8 27. exf5 Ne7 28. f3 Nxf5
29. Bf2 $1 gxf3 30. gxf3 {and even if this endgame is still quite unpleasant,
White should be able to hold.}) 19... f6 20. Rxd8+ $6 (20. Rd5 $6 {was more or
less the only move I was a bit scared of during the game. But it seems it's
nothing after} Bxd5 21. cxd5 Qxc5 22. Nxc5 Na5 $1) (20. Qb6 $5 Kf7 21. c5 Rd7 {
and it's still hard to find a move for White.}) 20... Qxd8 $1 {Now I also have
the d-file, and White's queen cannot move. So f3 is going to be forced.} 21. f3
(21. Rf1 $5 Rh7 $1 (21... Kf7 22. f3 $1 {was the try to get control of the
d-file.} gxf3 23. Rxf3 $1 Qd1+ (23... Kg6 24. Rd3 $1) 24. Rf1 Qe2 25. Na5 $1
Rd8 26. Nxb7 Rd1 27. Qf2 $1 $11) 22. f3 Rc7 $1 $17) 21... gxf3 22. gxf3 Kf7 (
22... Rh7 {[%cal Gh7d7,Gh7c7] is also strong. But why would I hurry, when I
can also get my king to the safest spot?}) 23. Rb1 Kg6 24. Bf2 Rh3 25. Kg2 $6 {
This loses immediately.} ({But of course after} 25. Bg3 Rh7 $1 26. Kg2 Bh3+ $1
27. Kf2 Rd7 {White's task is terribly difficult.}) 25... Qh8 $1 {This needed
some precise calculation.} 26. Bg3 (26. Rh1 Qh5 $1 27. Bg3 g4 28. Rf1 (28. fxg4
Qxg4 29. Re1 Rxh2+ $1 30. Kxh2 Qh3+ 31. Kg1 Qxg3+ 32. Kf1 a5 $1 33. Ke2 a4 34.
Kd2 Bg4 $19) 28... Rxg3+ $1 29. hxg3 Qh3+ 30. Kf2 gxf3 $1 $19) 26... Rxg3+ $1
27. hxg3 Qh3+ 28. Kf2 Qh2+ 29. Ke3 Qxc2 30. Rc1 Qxa2 31. Rc3 {Maybe the
defensive shot Sergei was still counting on, but I had seen the killer shot
far in advance.} (31. Nd2 Qb2 $1 32. Rd1 Qc2 $1 $19) (31. Qb6 Qb2 $1 {[%cal
Gc6d4]}) 31... Qb1 $1 {Now it's over.} 32. Nc1 (32. Kd2 Qb2+ $1 33. Kd3 a5 $1
$19) (32. f4 Bg4 $1) (32. Qa3 Qe1+ 33. Kd3 Nd4 $1 $19) 32... Nd4 33. f4 Qb2 34.
f5+ Kh5 35. Kd3 (35. fxe6 Qxc3+ 36. Nd3 Qc2 $1) 35... Bd7 {[%cal Gd7a4,Ga4c2]}
(35... b6 $1 {was more precise; after} 36. Qf8 (36. Qa3 Bxc4+ 37. Kxc4 Qb5#)
36... Nf3 $1 {it was all over.}) 36. Qa5 Qf2 (36... Nc6 $1 37. Qa3 Nb4+ 38. Ke3
Nc2+) 37. Qa2 Qxg3+ 38. Kd2 Qg2+ 39. Kd1 Qh1+ 40. Kd2 Qxe4 {Still, 4 pawns and
the attack for an exchange is strong enough, also according to the computer
which gives no less than -6...} 0-1

[Event "Biel Suri Memorial"]
[Site "Biel"]
[Date "2014.07.21"]
[Round "7"]
[White "Motylev, Alexander"]
[Black "Vachier Lagrave, Maxime"]
[Result "0-1"]
[WhiteElo "2698"]
[BlackElo "2766"]
[Annotator "Vachier Lagrave,M"]
[PlyCount "70"]
[EventDate "2014.07.14"]
[EventType "tourn"]
[EventRounds "10"]
[EventCountry "SUI"]
[EventCategory "19"]
[SourceTitle "CBM 162"]
[Source "ChessBase"]
[SourceDate "2014.09.17"]
[SourceVersion "1"]
[SourceVersionDate "2014.09.17"]
[SourceQuality "1"]

1. e4 c5 2. Nf3 d6 3. d4 cxd4 4. Nxd4 Nf6 5. Nc3 a6 6. Be3 Ng4 {I have been
playing this line on a regular basis for the last couple of years. There is
quite a lot to remember if White plays 7.Bg5, but otherwise it drastically
diminishes White's options and that is one of the reasons 6.Be3 is a bit less
popular than it used to be against the Najdorf.} 7. Bg5 h6 8. Bh4 g5 9. Bg3 Bg7
10. Be2 h5 11. h4 $5 {One of the old main lines, as the direct play White
liked to get into is not bringing dividends these days.} (11. Bxg4 hxg4 12. Nd5
Nc6 13. Nf5 Bxf5 14. exf5 Bxb2 15. Rb1 Qa5+ 16. Qd2 {is one of White's most
popular choices. I had a game in that line which went} Bf6 $5 17. Rxb7 O-O $1
18. Nxe7+ Kg7 19. Nxc6 Rfe8+ 20. Kd1 Qxa2 {and here my opponent Ganguly
thought for a long time and allowed a perpetual after} 21. Nb4 ({instead} 21.
Rb3 {leads to some more complications but Black should be ok with} a5 $1 22.
Bxd6 Qa1+ $1 23. Qc1 Qa4 24. Be5 Bxe5 $1 25. Qxg5+ Kf8 26. Nxe5 Rxe5 {and it
will soon fizzle out to a draw by perpetual check.}) 21... Qa1+ 22. Qc1 Qd4+
23. Qd2 (23. Nd3 $2 Qe4) 23... Qa1+ 24. Qc1 $11) 11... Nc6 12. Nb3 gxh4 13.
Bxh4 Be6 {I already had a difficult decision, but I decided against} (13...
Bxc3+ 14. bxc3 Qc7 15. Qd2 Bd7 {as I felt White is the one having more fun,
although the position is very double edged. Probably White's king is in a
slightly safer position and White can dream of being ahead on both sides on
the board whereas Black can normally manage that only on the queenside, which
is why I felt it would be simpler to play this position with White.}) 14. Qd2
Qb6 {After a long period thought, I went for the most direct play even though
I couldn't remember anything from my home analysis. It was probably a risky
decision.} (14... Rc8 {is also a valid option, and had the upside of leading
to a less sharp position.}) 15. Nd5 Bxd5 16. exd5 Nd4 17. c3 $1 {A nice new
idea by Alexander.} (17. Nxd4 Bxd4 (17... Qxd4 18. Qxd4 Bxd4 19. O-O-O $1 $14 {
I was a bit afraid that this position would be worse for me, but with direct
play it seems Black is fine after} Bxf2 (19... Nxf2 $6 20. Rxd4 Nxh1 21. Rd1
$16) 20. Bxg4 Be3+ 21. Kb1 hxg4 22. Rde1 Bd4 23. Rxe7+ Kf8 {and even though it
looks a bit scary I am in time to get enough counterplay:} 24. Re4 (24. Rxb7
Bf6) 24... Bf6 25. Rxg4 Re8 26. g3 Bxh4 27. gxh4 Rh5 {with a draw as the
probable result.}) 18. O-O Bf6 $1 (18... Ne3 $2 {I actually wanted to go for
this blunder. When the refutation was pointed out to me I remembered that a
few years ago I had the exact same position on my screen, and was shocked for
a moment that the computer wasn't keen on playing this move, until it showed
why that is the case.} 19. fxe3 $1 {oops} Bxe3+ 20. Bf2) 19. Bxf6 Nxf6 {
with an unclear position. Here the situation is clear as most likely it will
be opposite side castling with mutual chances.}) 17... Nf5 (17... Nxb3 18. axb3
Qxb3 {looks fairly dangerous as for only a pawn White is winning a couple of
tempi and a clear initiative on all sides of the board. During the game I was
even concerned about the direct} 19. Ra3 Qb6 20. Ra4 {and Black is not feeling
comfortable.}) 18. Bxg4 hxg4 19. Qg5 e6 (19... Nxh4 $1 {This move was not
obvious but clearly the strongest. With precise defence my position should be
holdable here.} 20. Rxh4 Rg8 $1 (20... Rxh4 21. Qxh4 $14) 21. Kf1 $1 {Running
away from discovered checks. Also, the king is feeling rather comfortable on
the kingside.} Qb5+ 22. Kg1 g3 $1 23. Qxg3 (23. fxg3 Qd3 $1 24. Kh1 O-O-O)
23... Qxd5 24. Rg4 Kf8 25. Re1 Qh5 $1 {threatening 26...Rh8} 26. Rh4 Qf5 27.
Rg4 Qh5 $11) 20. Qxg4 (20. dxe6 {the other option. But it seemed to me it
freed Black's play, so I prefer Alexander's choice.} fxe6 21. Qxg4 (21. Qg6+ $5
Kf8 22. Qxg4 Kf7 (22... a5 $6 {this was my intention during the game, but it
doesn't work because of a great piece of tactics :} 23. O-O-O a4 24. Nd4 Bxd4
25. Rxd4 $1 {The move I missed, and Black is defenceless after} Nxd4 $2 26. Qg6
$1) 23. O-O-O Rag8 24. Qf3 Qc6 $44) 21... Kd7 $5 (21... Kf7 {transposes to 21.
Qg6+}) 22. O-O-O Rag8 {and Black should have enough play to equalise.} 23. Qc4
d5 24. g3 Qxf2 $1 25. Rhf1 Qc2+ $1 26. Kxc2 Ne3+ $11) 20... Bf6 21. dxe6 $5 {
The game is getting very sharp now.} (21. g3 O-O-O 22. Qf4 $1 {strangely
enough it is unclear whether Black has enough counterplay for the pawn, but I
was much more worried by White's choice.}) (21. Bxf6 $1 {was probably the best
option. But the real idea behind this move to get winning chances is rather
deep!} Rxh1+ 22. Ke2 Rxa1 23. Qg8+ Kd7 24. Qxf7+ Kc8 {Up to here, I thought
Black is doing just fine against White's threats, but after} 25. Nxa1 $1 {
there are some new problems to solve. I would probably have played} (25. Qe8+
Kc7 26. Qxa8 Qb5+ 27. Kd2 Qxd5+ 28. Nd4 Nxd4 29. Qd8+ $11) 25... Qxb2+ 26. Kf3
Qxa1 {but White has an interesting option here to deviate from the draw, which
we probably both missed:} 27. dxe6 $1 Kb8 28. e7 Qd1+ 29. Kf4 Nxe7 30. Qxe7 $16
{and Black's rook is still not getting into the game while White's king is
safe from perpetual checks.}) 21... Nxh4 22. O-O-O $1 {Of course! Black can't
get his king to safety yet, so leaving his rooks uncoordinated is the right
thing to do.} Qxf2 $1 (22... Qb5 $6 23. g3 Ng6 (23... Qf5 24. Rxh4 $1 Bg5+ 25.
f4 $18) (23... Qg5+ $6 24. Qxg5 Bxg5+ 25. f4) 24. Rxh8+ Bxh8 25. Nd2 $1 $40)
23. Rxd6 (23. g3 $6 Qe3+ 24. Kb1 Qxe6 {this makes Black's life too easy.} 25.
Rde1 Be5 26. Rxh4 Qxg4 27. Rxg4 $11) (23. Nd4 $5 {was another possible option.
My best guess is that will lead to a draw if Black defends precisely. White's
choice is definitely more natural.} Qe3+ 24. Kb1 Qg5 25. exf7+ Kxf7 26. Qe6+
Kg6) (23. exf7+ {This line seems a bit too direct but there certainly are some
things to be concerned about for Black here as well.} Kxf7 24. Rhf1 Qe3+ 25.
Kb1 Rae8 {was my intention but White has a beautiful way to keep on the attack.
Black is probably still fine but the right path is difficult to find.} (25...
Qe6 26. Qb4 $1 {is too dangerous after} Rad8 27. Rde1 Qd5 28. Qf4 $1 Qd3+ 29.
Ka1 Qg6 30. g3 $16) 26. Rxd6 Re6 27. Rd4 $1 b6 $1 (27... Ke7 28. Rxf6 $1 Kxf6
29. Rf4+ Ke5 30. Qg5+ Kd6 $2 (30... Nf5 $16) 31. Rd4+ Kc7 32. Qg7+ $18) 28. Nd2
Rh6 29. Nc4 (29. Ne4 Rxe4 $1 30. Qxe4 Qxe4+ 31. Rxe4 Nxg2 $11) 29... Qe2 30.
Nd6+ Kf8 (30... Ke7 31. Rxf6 $1 {looks very dangerous for Black:} Kxf6 32. Rf4+
Ke7 33. Qg7+ Kxd6 34. Rd4+ Kc5 35. a4 $1 {and the attack continues!} Re7 36.
Qxh6 Qf1+ $1 37. Ka2 Qf7+ 38. Ka3 Ng6 39. Qh3 $1 Re8 40. Qd3 Ne5 $1 41. Qxa6
Kc6 {and White still keeps the initiative but there is apparently no forced
win along the way.}) 31. Qxe2 Rxe2 32. Ne4 Nf5 $1 33. Nxf6 Rxf6 34. Rdf4 Rxg2
35. Rxf5 Rxf5 36. Rxf5+ Ke7 {with a probable draw in the end.}) 23... Rd8 24.
Rxd8+ Bxd8 (24... Kxd8 25. exf7 Ke7 26. Nd2 (26. Qg8 Ng6 $1 27. Rxh8 Bg5+ $11)
26... Kxf7 27. Rf1 Qe3 {transposes to the game, weirdly enough!}) 25. Nd2 $1
Qe3 $8 {The only way to prevent White's knight from coming to e4.} 26. exf7+
Kxf7 27. Rf1+ Bf6 28. Qd7+ $6 {I had calculated that this is not more than a
draw for White.} ({This move got me breathing, as I was much more concerned by
} 28. Qe4 $1 {and I can't exchange the queens. My intention was also a losing
move:} Qg5 $6 (28... Qxe4 $2 29. Nxe4 Rh6 30. g3 $1 (30. g4 Ke7 31. g5 Bxg5+
32. Nxg5 $14) 30... Ng2 31. Kd2 Kg7 32. Rxf6 Rxf6 33. Nxf6 Kxf6 34. Ke2 $18) (
28... Qb6 $1 {is not obvious but might hold things together. It was too scary
to play in the actual game.} 29. Qd3 $5 (29. Nc4 Qe6 $1 30. Qxb7+ $6 Kg6) 29...
Kg7 $1 30. Qd7+ Kh6 31. g3 Rh7 $1 (31... Rd8 32. Qf7 Bg5 33. gxh4 Bxd2+ 34. Kc2
Bxc3 (34... Qg6+ 35. Qxg6+ Kxg6 36. Rd1 Rh8 37. Rxd2 Rxh4 38. Rd7 $18) 35. Qf4+
$16) 32. Qh3 Bg5 $1 33. Rd1 (33. gxh4 Bxd2+ 34. Kxd2 Qxb2+ 35. Kd3 Re7 $1 $11)
33... Qe3 $1 34. Qh2 Qe5 $1 35. Qh3 Qe3 {with an outstanding perpetual.}) 29.
Qxb7+ Kg6 $6 (29... Kg8 $1 $16) 30. g3 $1 Nf5 31. Qe4 {and I didn't foresee
that Black is absolutely defenceless after} Rh2 32. Rf4 $18 {and 33.g4, among
others (maybe winter?!), is coming}) 28... Qe7 29. Qd3 $2 {Alexander thought
he had seen a win, noticed it wasn't the case and didn't realise it was still
a draw there.} (29. Rxf6+ $1 Kxf6 30. Qd4+ Qe5 31. Ne4+ Kf5 {The move he
missed at first, but things are still ok after} (31... Ke6 $2 32. Nc5+ Kf5 33.
g4+ $18) 32. Nd6+ (32. g4+ $2 Kf4) 32... Ke6 33. Qxe5+ Kxe5 34. Nf7+ Kf6 35.
Nxh8 Kg7 36. Kd2 Kxh8 37. Kd3 $11 {and Black's king is definitely too far away
for Black to win this position.}) 29... Kg7 30. Ne4 Be5 {Finally Black
consolidates his position and remains the piece up. Nevertheless, given the
limited number of pawns remaining White still has some chances to hold his
position. But in time trouble and given the course of the game, it was almost
an impossible task for Alexander to give me a tough time converting the
advantage.} 31. Qe2 Ng6 32. g3 Re8 33. Qg4 (33. Qh5 Bxg3 $1 $19) 33... Qe6 34.
Qh5 $6 (34. Qxe6 Rxe6 35. Kd2 Bb8 36. Nc5 Re7 $19 {The win is a matter of good
technique here.}) 34... Qxa2 35. Nc5 $2 (35. Ng5 Qa1+ 36. Kc2 Qxf1 37. Qh7+ Kf8
38. Qxg6 {and now the simplest way to parry all white threats is to centralise
the queen or give some material back (this was what I was planning)} Qg2+ $1 (
38... Re7 39. Nh7+ Rxh7 40. Qxh7 Qg2+ {is also good enough}) 39. Kb1 Qd5 $19)
35... Qa1+ 0-1